000 01066nam a2200301 i 4500
001 bg
100 1 _aKOSTYRKO, Krystyna
245 1 0 _aKlimat :
_bpomiary, regulacja /
_cKrystyna Kostyrko, Andrzej Łobzowski.
260 _aWarszawa :
_bPomiary Automatyka Kontrola. Agenda Wydawnicza SIMP,
_c2002.
300 _a141, [2] s. :
_bil. ;
_c24 cm.
504 _aBibliogr. przy częściach. Indeks.
650 9 _aKlimatyzacja
650 9 _aTemperatura powietrza
_xpomiary
650 9 _aTemperatura powietrza
_xregulacja
650 9 _aWentylacja
650 9 _aWilgotność powietrza
_xpomiary
650 9 _aWilgotność powietrza
_xregulacja
655 _aPodręczniki
700 1 _aŁOBZOWSKI, Andrzej
020 _a8387982816
040 _cBPK
041 0 _apol
080 _a697:551.52:628.8](07)
920 _a83-87982-81-6
942 _cKS
008 s pl f |000 0 pol
999 _c45306
_d45306
856 _uhttp://koha.tu.koszalin.pl/cgi-bin/koha/opac-detail.pl?biblionumber=45306
_yKatalog online BPK